00624nam a22001937a 4500999001900000003000500019020002200024038000900046082001600055100002500071245004900096260005300145300002000198500001400218880003200232880005600264942001200320952009800332 c526285d526285NUST a978-969-448-097-8 aNUST a297.07bREH aKhalid Rehman917261 aPakistan mein deeni taleem /cKhalid Rehman. aIslambad :bInstitute of Policy studies ,c2009. a367 p.:c22 cm. aHardback. 6100-01\raخالد رحمن 6245-02\raپاکستان میں دینی تعیلم 2ddccBK 00102ddc4070aCLbCLcISLd2019-07-10l0o297.07 REHpCL-E-309r2019-07-10w2019-07-10yBK